Legal theory

Bibliographic Details
Corporate Author: Cambridge University Press
Format: Electronic Journal
Language:English
Published: [Cambridge, England] : Cambridge University Press
Subjects:
Online Access:Full text available from Research Library: 03/01/2001 to 1 year ago

MARC

LEADER 00000nas a2200000 a 4500
001 ssj0013107
003 WaSeSS
005 20200512172242.0
006 m d
007 cr n
008 001005c19959999enkqr pss 0 a0eng c
010 |a  2003252753 
015 |a GBB407247  |2 bnb 
016 7 |a 1500157-X  |2 DE-600 
016 7 |a 011458686  |2 Uk 
022 |a 1469-8048  |l 1352-3252  |y 1352-3252 
035 |a (WaSeSS)ssj0013107 
037 |b Cambridge University Press, The Edinburgh Building, Shaftesbury Road, Cambridge CB2 2RU, United Kingdom 
040 |a F#A  |b eng  |c F#A  |d OCLCQ  |d WAU  |d OCLCQ  |d OCLCS  |d UMC  |d GUA  |d OCLCQ  |d OCLCF  |d OCLCO  |d OCL  |d OCLCO  |d OCLCQ  |d WT2  |d NLE  |d OCLCQ  |d AU@  |d UKMGB  |d VT2  |d UUM  |d OCL  |d OCLCQ  |d WaSeSS 
042 |a pcc 
050 1 4 |a K12 
082 0 4 |a 340.1 
130 0 |a Legal theory (Online) 
210 0 |a Leg. theory  |b (Online) 
222 0 |a Legal theory  |b (Online) 
245 1 0 |a Legal theory  |h [electronic resource]. 
260 |a [Cambridge, England] :  |b Cambridge University Press 
310 |a Quarterly 
362 1 |a Print began in 1995. 
506 |a License restrictions may limit access. 
538 |a Mode of access: World Wide Web. 
588 0 |a Vol. 5, issue 01 (Mar. 1999); title from publisher's HTML contents (viewed July 22, 2003). 
588 1 |a V. 13, issue 01 (Mar. 2007) (viewed Oct. 16, 2007). 
650 0 |a Law  |x Philosophy  |v Periodicals. 
650 7 |a Law  |x Philosophy.  |2 fast  |0 (OCoLC)fst00993788 
655 0 |a Electronic journals. 
710 2 |a Cambridge University Press. 
776 1 |t Legal theory  |x 1352-3252  |w (DLC) 95657700  |w (OCoLC)32358176 
856 4 0 |z Full text available from Research Library: 03/01/2001 to 1 year ago  |u https://search.proquest.com/publication/30329